000 00802nas a2200277 4500
001 BR8600332
003 BR-BrBNA
005 20231205090321.0
007 ta
008 230509b bl.|||p| |||| 00| 00por d
040 _aBR-BrBNA
_bpor
_cBiblioteca Nacional de Agricultura
041 _a(Pt)
072 _aP34; F04
100 1 _aFaria, S.M. de
100 1 _aPolli, H. de
100 1 _aFranco, A.A.
245 1 _aAdesivos para inoculacao e revestimento de sementes de leguminosas
650 _aFEIJAO
650 _aSEMENTE
650 _aINOCULACAO
650 _aMICROELEMENTO
650 _aNUTRIENTE
773 0 _tPesquisa Agropecuaria Brasileira (Brazil)
_xISSN 0100-204X
_g(Feb 1985), v. 20(2) p. 169-176
_wBR8600332
909 _a202311
_bLúcia
_c55
_dLúcia Elande
942 _2AGRIS
_n0
_cANA
999 _c117568
_d117568